000 00632nam a2200205Ii 4500
001 6714
003 CO-ViMGA
008 241108s9999||||xx |||||||||||||| ||und||
020 _a8430310541
040 _aCO-ViMGA
_bspa
_erda
_cCO-ViMGA
041 0 _aunk
082 0 4 _aR 803 P175
245 1 0 _aParnaso :
_bdiccionario sopena de literatura; dirección Mauro Armiño
264 1 _a[Lugar de publicación no identificado] : Ramón Sopena, 1991
300 _avolumen
336 _atext
_btxt
_2rdacontent
337 _aunmediated
_bn
_2rdamedia
338 _avolume
_bnc
_2rdacarrier
940 _aidficha_siabuc: 6560. -- ficha_no_siabuc:6714
999 _c56431
_d56431